| 000 | 00660nam a2200169 i 4500 | ||
|---|---|---|---|
| 001 | 45470 | ||
| 003 | ES-MaACL | ||
| 005 | 20230906161225.0 | ||
| 007 | t| | ||
| 008 | 030326s1908 sp ||||1| spa d | ||
| 100 | 1 |
_aColl y Rodés, Ramón. _939645 |
|
| 245 | 1 | 6 |
_aDe la sucesión legítima o intestada _b: memoria leída en los ejercicios para obtener el grado de doctor en derecho verificados en la Universidad Central el día 28 de enero de 1907 / _cpor Ramón Coll y Rodés. |
| 260 |
_aBarcelona : _b[s.n.], _c1908 ( _fTip. de Clemente Olivero) |
||
| 300 |
_aVIII, 139 p ; _c21 cm. |
||
| 650 | 0 | 4 |
_aSucesión intestada. _917243 |
| 852 |
_aES-MaACL _jT-164-F-6 |
||
| 999 |
_c45470 _d45470 |
||